MARC

LEADER 00000nam0a2200000 4500
001 13271
005 20231030184921.0
010 |a 5222000834 
035 |a (RuTPU)RU\TPU\book\13353 
035 |a BOOK00013421 
090 |a 13271 
100 |a 20011209d1997 m y0rusy50 ca 
101 1 |a rus  |c fre 
102 |a RU 
105 |a y z 000zy 
200 1 |a Тесты для менеджеров  |e пер. с фр.  |f Дж. В. Реддин 
210 |a Ростов-на-Дону  |c Феникс  |d 1997 
215 |a 288 с. 
225 1 |a 1000 секретов успеха 
610 1 |a психология 
610 1 |a экономика 
610 1 |a управление 
610 1 |a коллектив 
610 1 |a управленческие решения 
610 1 |a общение 
610 1 |a тесты 
686 |a Ю954  |v LBC/SL-A  |2 rubbk 
686 |a У9(2)212  |v LBC/SL-A  |2 rubbk 
700 1 |a Реддин  |b Дж. В. 
801 0 |a RU  |b 63413507  |c 20011209  |g PSBO 
801 2 |a RU  |b 63413507  |c 20120604  |g PSBO 
942 |c BK